| 000 | 02089nam a2200397 c 4500 | ||
|---|---|---|---|
| 003 | BLK | ||
| 005 | 20231023162200.0 | ||
| 008 | 180412b bul|||||r ||||||| ||bul|| | ||
| 010 | _aKNG00004119000 | ||
| 020 |
_a954-584-200-8 _bиздат.: Абагар Холдинг |
||
| 040 | _aBLK | ||
| 041 |
_aBUL _cBUL |
||
| 080 |
_aПаметници на културата на историческите периоди. Археологическите паметници. Старини _b904 _x _z904 |
||
| 080 |
_aСтара и антична история _b931 _x _z931 |
||
| 080 |
_aРазпространяване на научните знания - популяризиране на науката, занимателна наука, учение за явленията научно необяснени, заблуждения и фалшификации, илюзии и др. п., секретност на научните знания _b001.9 _x _z001.9 |
||
| 100 | 1 |
_aРоумър, Джон _eпърви автор _9246734 |
|
| 700 | 1 |
_aРоумър, Елизабет _eсъавт. _9246735 |
|
| 700 | 1 |
_aФилев, Петър _eпрев. от англ. _9246736 |
|
| 139 |
_aРоумър, Джон и др. _bР 87 |
||
| 245 | 1 | 0 |
_aСедемте чудеса на света _bИстория на съвр. въображение _cДжон Роумър; съавт. Елизабет Роумър; прев. от англ. Петър Филев. |
| 257 | _aGBR | ||
| 260 |
_аСофия _bАбагар Холдинг _c1996 |
||
| 300 |
_a287 с. _bс ил. _c24 см |
||
| 380 | _a9 | ||
| 650 | 4 |
_aАрхеологически паметници _9243363 |
|
| 650 | 4 |
_aДревен свят - история _9243364 |
|
| 650 | 4 |
_aПриродни явления _9243365 |
|
| 653 | _aархеологически паметници | ||
| 653 | _aдревен свят | ||
| 852 | _aЦб 190481 | ||
| 856 | 4 |
_qpdf _u |
|
| 856 | 4 |
_qpdf _u |
|
| 942 |
_cKNG _n0 _04 |
||
| 944 |
_aCR _c25.02.2004 _k30532 _lМира Стойчева |
||
| 944 |
_aED _c19.04.2004 _k |
||
| 999 |
_c3070 _d3070 |
||